000 004830000a22002290004500
005 20120302062020.0
942 _cBOOK
245 _a Yog
260 _aPune:Vivekananda Kendra Marathi Prakaashan,1988.
300 _a63p.
040 _aMAR
650 _aTatvadnyaan
650 _aYog
650 _aVyaayaam
650 _aAasane
650 _aPraanaayaam
650 _aMudraa
650 _aKriyaa
650 _aShuddhikriyaa
650 _aYogaasane
650 _aBandha
999 _c355530
_d355527